[Event "Hamedan op"]
[Site "Hamedan"]
[Date "2017.08.17"]
[Round "9"]
[White "Hakemi, Arman"]
[Black "Rezaei Abari, Farzin"]
[Result "1-0"]
[WhiteElo "2299"]
[BlackElo "2036"]
[PlyCount "117"]
[EventDate "2017.08.12"]
[EventType "swiss"]
[EventRounds "11"]
[EventCountry "IRI"]
[SourceTitle "CBM 180 Extra"]
[Source "ChessBase"]
[SourceDate "2017.10.06"]
[SourceVersion "1"]
[SourceVersionDate "2017.10.06"]
[SourceQuality "1"]

1. d4 Nf6 2. Bf4 g6 3. Nc3 Bg7 4. e4 d6 5. Be2 0-0 6. Nf3 c5 7. d5 Bg4 8. 0-0 Nbd7 9. a4 Ne8 10. Nd2 Bxe2 11. Qxe2 Nc7 12. Nc4 Na6 13. Bg3 Nf6 14. h3 Qd7 15. Rfd1 Nc7 16. e5 dxe5 17. Nxe5 Qd8 18. Qf3 Nce8 19. Nc4 Nd6 20. Bxd6 exd6 21. Qf4 Ne8 22. Nb5 b6 23. c3 g5 24. Qf5 a6 25. Nba3 Rb8 26. Nc2 Bf6 27. N2e3 Ng7 28. Qf3 Be7 29. Nf5 Nxf5 30. Qxf5 Qc8 31. Ne3 Qxf5 32. Nxf5 Rfe8 33. Re1 Bf8 34. Kf1 Rbd8 35. c4 a5 36. f3 h6 37. Kf2 Kh7 38. Rxe8 Rxe8 39. Ra3 Kg6 40. g4 Kf6 41. Rb3 Rb8 42. Kg3 Kg6 43. Re3 Kf6 44. f4 Rd8 45. h4 Kg6 46. fxg5 hxg5 47. h5+ Kf6 48. Re2 Ra8 49. Rh2 Rd8 50. Kf3 Bg7 51. Re2 Bf8 52. Re1 Rb8 53. Rh1 Rd8 54. Rh2 Re8 55. Re2 Rd8 56. Ng3 Bh6 57. Re1 Rb8 58. Rf1 Ke5 59. Ke3 1-0

[Event "Hamedan op"]
[Site "Hamedan"]
[Date "2017.08.15"]
[Round "6"]
[White "Rezaei Abari, Farzin"]
[Black "Poormosavi, Seyed Kian"]
[Result "1/2-1/2"]
[WhiteElo "2036"]
[BlackElo "2161"]
[PlyCount "42"]
[EventDate "2017.08.12"]
[EventType "swiss"]
[EventRounds "11"]
[EventCountry "IRI"]
[SourceTitle "CBM 180 Extra"]
[Source "ChessBase"]
[SourceDate "2017.10.06"]
[SourceVersion "1"]
[SourceVersionDate "2017.10.06"]
[SourceQuality "1"]

1. e4 c5 2. Nf3 e6 3. d4 cxd4 4. Nxd4 Nf6 5. Nc3 a6 6. Be3 Qc7 7. a3 d6 8. Bd3 Nbd7 9. 0-0 Be7 10. f4 b5 11. Qe2 Bb7 12. Kh1 Nc5 13. Bg1 d5 14. e5 Nfd7 15. Qh5 g6 16. Qh6 0-0-0 17. Qh3 Kb8 18. Qe3 Nb6 19. b4 Ncd7 20. Nce2 h5 21. Nb3 Na4 1/2-1/2

[Event "Karaj Alborz 18 Shahrivar 1395"]
[Site "Karaj"]
[Date "2016.09.10"]
[Round "4.5"]
[White "Rezaei Abari, Farzin"]
[Black "Farhadi, Behzad"]
[Result "1-0"]
[WhiteElo "2012"]
[BlackElo "1798"]
[PlyCount "93"]
[EventDate "2016.09.08"]
[EventType "tourn"]
[EventRounds "9"]
[EventCountry "IRI"]
[SourceTitle "EXT 2024"]
[Source "ChessBase"]
[SourceDate "2023.10.10"]
[SourceVersion "1"]
[SourceVersionDate "2023.10.10"]
[SourceQuality "1"]

1. e4 e5 2. Bc4 Nc6 3. Nc3 Nf6 4. d3 Bb4 5. Nge2 d6 6. 0-0 Bxc3 7. Nxc3 h6 8. f4 Bg4 9. Qe1 exf4 10. Bxf4 Ne5 11. Bxe5 dxe5 12. Qg3 Qd7 13. Qxe5+ Kd8 14. Nd5 Nxd5 15. Qxg7 Re8 16. Bxd5 Bh5 17. Qf6+ Kc8 18. Qf5 Qxf5 19. Rxf5 Bg6 20. Rf6 Re7 21. Raf1 c6 22. Bxf7 Bxf7 23. Rxf7 Kd7 24. R1f6 Rh8 25. Kf2 Ke8 26. Rxe7+ Kxe7 27. e5 h5 28. Kf3 h4 29. g4 hxg3 30. Kxg3 Rg8+ 31. Kf3 Rh8 32. Kg2 Rg8+ 33. Kh1 Rg5 34. d4 Rg4 35. c3 c5 36. d5 Re4 37. d6+ Kd7 38. Rf7+ Kc6 39. Rc7+ Kb6 40. Re7 Re1+ 41. Kg2 Re2+ 42. Kg3 Rxb2 43. e6 Rc2 44. d7 Rxc3+ 45. Kg4 Rd3 46. Re8 Kc7 47. Rc8+ 1-0

[Event "Karaj Alborz 18 Shahrivar 1395"]
[Site "Karaj"]
[Date "2016.09.09"]
[Round "3.1"]
[White "Rezaei Abari, Farzin"]
[Black "Mohebi, Ali"]
[Result "1-0"]
[WhiteElo "2012"]
[BlackElo "1945"]
[PlyCount "61"]
[EventDate "2016.09.08"]
[EventType "tourn"]
[EventRounds "9"]
[EventCountry "IRI"]
[SourceTitle "EXT 2024"]
[Source "ChessBase"]
[SourceDate "2023.10.10"]
[SourceVersion "1"]
[SourceVersionDate "2023.10.10"]
[SourceQuality "1"]

1. e4 c5 2. Nf3 d6 3. d4 cxd4 4. Nxd4 Nf6 5. Nc3 a6 6. f3 e5 7. Nb3 Be6 8. Be3 Be7 9. Qd2 b5 10. g4 Nbd7 11. 0-0-0 Nb6 12. g5 Nh5 13. Nd5 Bxd5 14. exd5 f6 15. Na5 Nc8 16. Nc6 Qc7 17. Bh3 g6 18. Bg4 Ng7 19. Nxe7 Qxe7 20. gxf6 Qxf6 21. f4 0-0 22. fxe5 Qxe5 23. Rde1 Qe4 24. Rhg1 Qa4 25. Kb1 Nf5 26. Bh6 Nxh6 27. Qxh6 Qf4 28. Be6+ Kh8 29. Qh3 Ne7 30. Rgf1 Qg5 31. Qc3+ 1-0